Largest countries in the World - Statistics

General Stats
  • This quiz has been taken 42 times
  • The average score is 17 of 20
Answer Stats
Rank Square km Answer % Correct
4. 9,093,507 sq km Canada
100%
2. 9,326,410 sq km China
100%
1. 16,377,742 sq km Russia
100%
3. 9,147,643 sq km United States
100%
5. 8,460,415 sq km Brazil
97%
7. 2,973,190 sq km India
97%
6. 7,633,565 sq km Australia
95%
13. 1,943,945 sq km Mexico
95%
8. 2,736,690 sq km Argentina
92%
9. 2,699,700 sq km Kazakhstan
90%
15. 1,811,569 sq km Indonesia
87%
11. 2,267,048 sq km D.R. Congo
85%
10. 2,381,741 sq km Algeria
82%
17. 1,553,556 sq km Mongolia
82%
19. 1,279,996 sq km Peru
79%
12. 2,149,690 sq km Saudi Arabia
79%
18. 1,531,595 sq km Iran
77%
14. 1,861,484 sq km Sudan
77%
16. 1,759,540 sq km Libya
72%
20. 1,266,700 sq km Niger
62%
No matching quizzes found
Score Distribution
Percent of People with Each Score
Percentile by Number Answered
Your Score History
You have not taken this quiz